Old prints and engravings (Record no. 2329)
[ view plain ]
| 000 -CABECERA | |
|---|---|
| campo de control de longitud fija | 00668nam a2200217 a 4500 |
| 001 - NÚMERO DE CONTROL | |
| campo de control | BRCA_2589 |
| 005 - FECHA Y HORA DE LA ÚLTIMA TRANSACCIÓN | |
| campo de control | 20190320203859.0 |
| 008 - DATOS DE LONGITUD FIJA--INFORMACIÓN GENERAL | |
| campo de control de longitud fija | 281108s1937----nyua---###---#000-0#eng-u |
| 050 #4 - SIGNATURA TOPOGRÁFICA DE LA BIBLIOTECA DEL CONGRESO | |
| Número de clasificación | NE885 |
| Número de documento/Ítem | .B87 1937 |
| 100 1# - ENTRADA PRINCIPAL--NOMBRE DE PERSONA | |
| Nombre de persona | Burgess, Frederick William |
| 9 (RLIN) | 7394 |
| 245 10 - MENCIÓN DE TÍTULO | |
| Título | Old prints and engravings |
| Mención de responsabilidad, etc. | by Frederick William Burgess. |
| 260 ## - PUBLICACIÓN, DISTRIBUCIÓN, ETC. | |
| Lugar de publicación, distribución, etc. | New York |
| Nombre del editor, distribuidor, etc. | Tudor |
| Fecha de publicación, distribución, etc. | 1937 |
| 300 ## - DESCRIPCIÓN FÍSICA | |
| Extensión | xiii, 281 p. |
| Otras características físicas | il., 79 láminas |
| Dimensiones | 24 cm. |
| 500 ## - NOTA GENERAL | |
| Nota general | Incluye índice alfabético. |
| 500 ## - NOTA GENERAL | |
| Nota general | A54 |
| 650 14 - PUNTO DE ACCESO ADICIONAL DE MATERIA--TÉRMINO DE MATERIA | |
| Término de materia o nombre geográfico como elemento de entrada | Coleccionistas y colecciones |
| 9 (RLIN) | 7395 |
| 650 14 - PUNTO DE ACCESO ADICIONAL DE MATERIA--TÉRMINO DE MATERIA | |
| Término de materia o nombre geográfico como elemento de entrada | Grabados |
| Subdivisión general | Coleccionistas y colecciones |
| 9 (RLIN) | 7355 |
| 650 14 - PUNTO DE ACCESO ADICIONAL DE MATERIA--TÉRMINO DE MATERIA | |
| Término de materia o nombre geográfico como elemento de entrada | Grabados |
| Subdivisión geográfica | Inglaterra |
| 9 (RLIN) | 7396 |
| 902 ## - CATALOGADOR | |
| Iniciales | GFM |
| 942 ## - ELEMENTOS DE PUNTO DE ACCESO ADICIONAL (KOHA) | |
| Fuente del sistema de clasificación o colocación | Library of Congress Classification |
| Tipo de ítem Koha | Libros |
| Estado de retiro | Estado de pérdida | Estado dañado | No para préstamo | Localización permanente | Ubicación/localización actual | Fecha de adquisición | Número de inventario | Total de préstamos | Signatura topográfica completa | Código de barras | Fecha visto por última vez | Precio válido a partir de | Tipo de ítem Koha |
|---|---|---|---|---|---|---|---|---|---|---|---|---|---|
| El ejemplar forma parte de la colección y puede ser consultado según las políticas vigentes. | Biblioteca del Museo Franz Mayer (Rogerio Casas-Alatriste) | Biblioteca del Museo Franz Mayer (Rogerio Casas-Alatriste) | 28/11/2008 | A54 | NE885 .B87 1937 (A54) | 2586 | 22/03/2019 | 22/03/2019 | Libros |